| 000 | 00431cam a2200169ua 4500 | ||
|---|---|---|---|
| 020 | _cRs.12/- | ||
| 041 |
_aeng _h |
||
| 082 |
_a338.09 _bMEH/DE |
||
| 100 | _aMetha, Vaikunath . | ||
| 245 |
_aDechanized Economics Devolopment / _cMetha,Vaikunath. _hTextual Documents |
||
| 260 |
_a : _bDirectral of publicity , _c1964. |
||
| 300 | _a439 ; . | ||
| 365 | _aRs.12/- | ||
| 504 | _a | ||
| 942 | _cBK | ||
| 999 |
_c11903 _d11903 |
||